[Event "Yerevan op 1st"]
[Site "Yerevan"]
[Date "2016.10.10"]
[Round "9"]
[White "Mashalov, Aliniyaz"]
[Black "Melkonyan, Gor"]
[Result "1-0"]
[WhiteElo "1617"]
[BlackElo "1801"]
[PlyCount "121"]
[EventDate "2016.10.02"]
[EventType "swiss"]
[EventRounds "9"]
[EventCountry "ARM"]
[SourceTitle "EXT 2017"]
[Source "ChessBase"]
[SourceDate "2016.10.25"]
[SourceVersion "1"]
[SourceVersionDate "2016.10.25"]
[SourceQuality "1"]

1. e4 c6 2. d4 d5 3. e5 Bf5 4. Ne2 e6 5. Ng3 Bg6 6. h4 h6 7. f4 c5 8. h5 Bh7 9. Bd3 Bxd3 10. Qxd3 Nc6 11. c3 Qb6 12. Ne2 0-0-0 13. Nd2 f5 14. Nf3 a5 15. 0-0 Kb8 16. Be3 c4 17. Qc2 Rc8 18. b3 Na7 19. Rab1 Qa6 20. bxc4 Rxc4 21. Qd3 Ba3 22. Rb3 a4 23. Rxa3 Nb5 24. Bc1 Ne7 25. Qd1 Nxa3 26. Bxa3 Nc8 27. Qd3 Rc6 28. Qxa6 Rxa6 29. Rb1 Rc6 30. Bc5 b6 31. Ba3 Kb7 32. Rb4 Na7 33. Ne1 Rc4 34. Rxc4 dxc4 35. Nc2 Nb5 36. Bb4 Nc7 37. Ne3 b5 38. Ng3 Kc6 39. Kf2 Nd5 40. Nxd5 Kxd5 41. Kf3 g5 42. hxg6 Rg8 43. Nf1 Rxg6 44. Ne3+ Kc6 45. d5+ Kd7 46. dxe6+ Kxe6 47. Nc2 Kd5 48. Nd4 Rg8 49. Nxf5 Rd8 50. Nxh6 Ke6 51. Bd6 b4 52. Bxb4 Rd2 53. a3 Kd5 54. Nf5 Ke6 55. Ne3 Rd3 56. Ke4 Rd2 57. f5+ Kf7 58. g4 Re2 59. g5 Re1 60. e6+ Ke8 61. f6 1-0

[Event "Yerevan op 1st"]
[Site "Yerevan"]
[Date "2016.10.04"]
[Round "3"]
[White "Israyelyan, Eduard"]
[Black "Mashalov, Aliniyaz"]
[Result "1-0"]
[WhiteElo "1856"]
[BlackElo "1617"]
[PlyCount "91"]
[EventDate "2016.10.02"]
[EventType "swiss"]
[EventRounds "9"]
[EventCountry "ARM"]
[SourceTitle "EXT 2017"]
[Source "ChessBase"]
[SourceDate "2016.10.25"]
[SourceVersion "1"]
[SourceVersionDate "2016.10.25"]
[SourceQuality "1"]

1. e4 c5 2. Nf3 Nc6 3. d4 cxd4 4. Nxd4 Qb6 5. Nb3 Nf6 6. Nc3 e6 7. Be3 Qc7 8. Be2 a6 9. f4 d6 10. 0-0 b5 11. Bf3 Bb7 12. Qd2 Be7 13. Rae1 h6 14. Qf2 Nd7 15. Nd4 Na5 16. f5 e5 17. Ne6 fxe6 18. fxe6 0-0 19. exd7 Qxd7 20. Qg3 Kh8 21. Bg4 Qc7 22. Bf5 Rf6 23. Qh3 b4 24. Nd5 Bxd5 25. exd5 Nc4 26. Bg5 Rxf5 27. Rxf5 Bxg5 28. Rxg5 Qc5+ 29. Kh1 Qxd5 30. Rg6 Qd2 31. Qg3 Ra7 32. b3 Na3 33. Qe3 Qxe3 34. Rxe3 Nxc2 35. Rd3 Rf7 36. h3 Rf2 37. Kg1 Re2 38. Rgxd6 Re1+ 39. Kf2 e4 40. Rd1 Re3 41. Rc6 Rc3 42. Rxc3 bxc3 43. Rc1 Nb4 44. Rxc3 Nxa2 45. Rc4 a5 46. Ke3 1-0

[Event "Yerevan Asrian Memorial 9th"]
[Site "Yerevan"]
[Date "2016.06.16"]
[Round "1"]
[White "Mashalov, Aliniyaz"]
[Black "Manukyan, Sargis A"]
[Result "0-1"]
[WhiteElo "1680"]
[BlackElo "2247"]
[PlyCount "72"]
[EventDate "2016.06.16"]
[EventType "swiss"]
[EventRounds "9"]
[EventCountry "ARM"]
[SourceTitle "CBM 173 Extra"]
[Source "ChessBase"]
[SourceDate "2016.08.29"]
[SourceVersion "1"]
[SourceVersionDate "2016.08.29"]
[SourceQuality "1"]

1. d4 d5 2. c4 e6 3. Nc3 Nf6 4. cxd5 exd5 5. Bg5 Be7 6. e3 0-0 7. Bd3 Nbd7 8. Nge2 b6 9. 0-0 Bb7 10. Ng3 g6 11. Rc1 c5 12. Bb1 Re8 13. Re1 Ne4 14. Bxe7 Qxe7 15. Ngxe4 dxe4 16. Nb5 Rec8 17. Qg4 a6 18. Nc3 f5 19. Qg3 Nf6 20. Qg5 cxd4 21. exd4 Qd6 22. Rcd1 Rc4 23. Ne2 Ng4 24. Qf4 Rd8 25. h3 Qxf4 26. Nxf4 Nf6 27. Ne2 Nd5 28. Rc1 Rxc1 29. Rxc1 a5 30. a3 Ba6 31. Nc3 Nf4 32. Ba2+ Kg7 33. d5 Bb7 34. Rd1 Kf6 35. Rc1 Ke5 36. Na4 Ne2+ 0-1